| 000 | 00429nam a2200169Ia 4500 | ||
|---|---|---|---|
| 008 | 231221s9999 xx 000 0 und d | ||
| 041 | _aEnglish | ||
| 082 | _a641.87 LIL R | ||
| 100 | _aLillicrap, Dennis R Cousins, John A | ||
| 245 | 0 | _aFood and beverage service | |
| 250 | _a4th ed. | ||
| 260 |
_c1994 _bELBS |
||
| 300 | _axix+490 | ||
| 650 | _aFood,beverage,service | ||
| 650 | _aHotel management-Food | ||
| 942 | _cHM | ||
| 999 |
_c207563 _d207563 |
||